| 000 | 01066cam a22002174a 4500 | ||
|---|---|---|---|
| 005 | 20250605164247.0 | ||
| 008 | 250528s ||||||||||||||||||||||||d | ||
| 035 | _a21576 | ||
| 020 | _a9786188028210 | ||
| 040 |
_aGR-AtMCL _bgre _dGR-AtMCL _eAACR2 |
||
| 245 | 1 | _aΟ ΤΖΑΚ Η ΦΑΣΟΛΙΑ ΚΑΙ ΟΙ ΕΞΑΓΩΓΕΣ | |
| 250 | _a1 | ||
| 260 |
_bGlobal, _c2010 |
||
| 300 | _a296 | ||
| 505 | 0 | _aΠΩΣ ΘΑ ΞΕΚΙΝΗΣΩ ΕΠΙΛΟΓΗ ΤΩΝ ΚΑΛΥΤΕΡΩΝ ΑΓΟΡΩΝ ΕΠΙΛΟΓΗ ΜΕΘΟΔΟΥ ΕΙΣΟΔΟΥ ΣΤΗΝ ΑΓΟΡΑ ΑΝΕΥΡΕΣΗ ΕΜΠΟΡΙΚΩΝ ΕΠΑΦΩΝ ΠΡΟΣΑΡΜΟΓΗ ΤΟΥ ΜΕΙΓΜΑΤΟΣ ΜΑΡΚΕΤΙΝΓΚ | |
| 520 | _aΠΩΣ ΘΑ ΞΕΚΙΝΗΣΩ ΕΠΙΛΟΓΗ ΤΩΝ ΚΑΛΥΤΕΡΩΝ ΑΓΟΡΩΝ ΕΠΙΛΟΓΗ ΜΕΘΟΔΟΥ ΕΙΣΟΔΟΥ ΣΤΗΝ ΑΓΟΡΑ ΑΝΕΥΡΕΣΗ ΕΜΠΟΡΙΚΩΝ ΕΠΑΦΩΝ ΠΡΟΣΑΡΜΟΓΗ ΤΟΥ ΜΕΙΓΜΑΤΟΣ ΜΑΡΚΕΤΙΝΓΚ | ||
| 700 | 1 |
_aΦιλαδαρλης Μπαμπης _97539 |
|
| 942 | _cBK | ||
| 999 |
_c6637 _d6637 |
||